Guía de las aves marinas y costeras de la ría de Bahía Blanca /
Guardado en:
| Autor Principal: | |
|---|---|
| Otros Autores: | |
| Formato: | Libro |
| Idioma: | Spanish |
| Publicado: |
el autor,
2005.
|
| Materias: | |
| Etiquetas: |
Agregar Etiqueta
Sin Etiquetas, Sea el primero en etiquetar este registro!
|
| LEADER | 00577nam a22001695a 4500 | ||
|---|---|---|---|
| 001 | EEA.libagro007539 | ||
| 005 | 20170601102149.0 | ||
| 008 | 130809s2005####ag#a##########000#0#spa#d | ||
| 020 | |a 9874390956 | ||
| 082 | 0 | 4 | |a 598.298212 |
| 100 | 1 | |a Petracci, Pablo F. | |
| 245 | 1 | 0 | |a Guía de las aves marinas y costeras de la ría de Bahía Blanca / |c Pablo F. Petracci, Kaspar Delhey. |
| 260 | |b el autor, |c 2005. | ||
| 300 | |a 94 p. : |b il. ; |c 21 cm. | ||
| 650 | 7 | |a Aves acuáticas |z Argentina |z Bahía Blanca | |
| 700 | 1 | |a Delhey, Kaspar. | |
| 859 | |a AR-BbBCA |b BIB. AGRONOMIA |h 598.298212 |i P493 |p 2006/4927 | ||
